000 01034nam a2200253Ka 4500
999 _c6840
_d6840
001 25737
003 GBCCL
005 20241126110613.0
008 821216s1933 xx 000 0 eng u
035 _a(OCoLC)09061203
040 _cIHH
049 _aLBBK
082 _a220.07
_a220.0202
_bSYS
092 _a220.07
_bB218
245 0 4 _aThe System Bible study :
_bbeing an effort to give the most complete, the most concise and the most useful book of classified Bible helps. The gems--the masterpieces--the crown jewels--the heart of the Bible /
_cBy many of the world's greatest Bible scholars.
250 _aRev. and enl. ed. of 1943.
260 _aChicago, :
_bSystem Bible company,
_c1964.
300 _a786 p. :
_a2 pt. in 1 v. :
_bill., maps ;
_c22 cm.
504 _aIndex follows paging.
505 0 _aI. Historical and general information (p. 5-363)--II. Classified Scriptures (p. 1-787)
630 0 8 _aBible.
_xStudy.
_xHandbooks, manuals, etc.
_912261
650 8 _aBible
_xHandbooks, manuals, etc.
_911928
942 _2ddc
_cREF